| 000 | 00822cam a2200193 4500 | ||
|---|---|---|---|
| 001 | WS121812 | ||
| 008 | 030331n 000 0 eng u | ||
| 035 | _a(Sirsi) u121812 | ||
| 110 |
_aSouth African Property Owners Association _94418 |
||
| 245 | _aSouth African Property Owners Association | ||
| 520 | _aWeb site for this South African organisation established to bring together all the role players in the commercial property market. Includes news stories, details of publications, links to the 'SA Property Review' and details of courses. | ||
| 650 | _aREPUBLIC OF SOUTH AFRICA | ||
| 650 | _aLEGISLATION | ||
| 650 | _aINTERNATIONAL | ||
| 650 | _aORGANISATION | ||
| 690 | _aPROPERTY-COMMERCIAL PROPERTY | ||
| 856 | 4 | 0 |
_uhttps://www.sapoa.org.za _zView the website free of charge at www.sapoa.org.za... |
| 942 | _n0 | ||
| 999 |
_c120242 _d120242 |
||